<?xml version="1.0" encoding="UTF-8"?>
<collection xmlns="http://www.loc.gov/MARC21/slim">
<record>
  <controlfield tag="001">4315</controlfield>
  <datafield tag="088" ind1=" " ind2=" ">
    <subfield code="a">2831</subfield>
  </datafield>
  <datafield tag="520" ind1=" " ind2=" ">
    <subfield code="a">Palatial home of Lewis Pierce, the pioneer. His so, the late Judge William Pierce inherited the home and named it Willotta in 1900. It stood just south of the Rockville Road at Suisun Creek in what is now "Willotta Oaks."</subfield>
  </datafield>
  <datafield tag="980" ind1=" " ind2=" ">
    <subfield code="a">43905848739</subfield>
  </datafield>
  <datafield tag="960" ind1=" " ind2=" ">
    <subfield code="a">hc</subfield>
  </datafield>
</record>
</collection>